Kniha faktov 1997
Saved in:
| Format: | Book |
|---|---|
| Language: | Slovak |
| Published: |
Bratislava
TONO
1998
|
| Subjects: | |
| Tags: |
No Tags, Be the first to tag this record!
|
MARC
| LEADER | 00000nam a2200000 4500 | ||
|---|---|---|---|
| 001 | c110862 | ||
| 005 | 20221221132006.8 | ||
| 020 | |a 80-967595-3-1 | ||
| 041 | 0 | |a slo | |
| 044 | |a SK | ||
| 245 | 1 | 0 | |a Kniha faktov 1997 |
| 264 | 1 | |a Bratislava |b TONO |c 1998 | |
| 300 | |a 925 s. | ||
| 610 | 2 | 0 | |a papiere cenné |
| 610 | 2 | 0 | |a obchody burzové |
| 610 | 2 | 0 | |a trh kapitálový |
| 610 | 2 | 0 | |a emisia |
| 610 | 2 | 0 | |a indexy burzové |
| 610 | 2 | 0 | |a aukcie |
| 610 | 2 | 0 | |a kapitalizácia |
| 610 | 2 | 0 | |a dlhopisy |
| 610 | 2 | 0 | |a ceny |
| 610 | 2 | 0 | |a organizácie |
| 610 | 2 | 0 | |a spoločnosti obchodné |
| 610 | 2 | 0 | |a firmy |
| 610 | 2 | 0 | |a podnik |
| 610 | 2 | 0 | |a Slovensko |